| 000 | 003580000a22001330004500 | ||
|---|---|---|---|
| 090 |
_aAS _bSeriadas |
||
| 245 | 1 | 0 | _aHongos de Colombia - 1: introducción |
| 041 | 0 | _aEspañol | |
| 700 | 1 |
_aBuriticá, Pablo _999083 |
|
| 700 | 1 |
_aForero, Enrique _992822 |
|
| 100 | 1 |
_aDumont, Kent P. _996188 |
|
| 942 | _cARTICULO | ||
| 773 | 1 |
_tCaldasia _345 _h57 _q159-164 _d1978 _g12 |
|
| 999 |
_c14518 _d14518 |
||